01642 a2200277 450000500170000000800410001704000470005804100080010504100080011324500450012126000680016630000450023450001460027950803250042551101590075054600720090965000250098165000260100665000560103265000310108870000270111971000230114671000340116976500150120385601460121820140904102838.0140304s1983 xxu g 0 m mul d aCO-BoUCMbspacJose A. Gerena (modificó) aeng afre00aFlashdancecAdrian Lyne, directorh[DVD] aHollywood (Los Ángeles, california)bParamount Picturesc1983 a1 DVD, 94 minutosbimagen, sonido, color aSINOPSIS: Una mujer de Pittsburgh con dos puestos de trabajo como un soldador y una bailarina exótica quiere entrar en la escuela de ballet aCRÉDITOS: Dirigida por Adrian Lyne ; guion por Thomas Hedley Jr. y Joe Eszterhas ; producida por Jerry Bruckheimer ; música por Giorgio Moroder ; fotografía por Donald Peterman ; diseño de producción por Charles Rosen ; ambientación por Marvin March ; vestuario por Michael Kaplan ; maquillaje por Rick Sharp0 aREPARTO: Jennifer Beals, Michael Nouri, Lilia Skala, Sunny Johnson, Kyle T. Heffner, Lee Ving, Ron Karabatsos, Belinda Bauer, Malcolm Danare, Philip Bruns aAudio en inglés y francés. Subtítulos en inglés y español 4aAmor en el cinevDVD 4aDrama en el cinevDVD 7aPelículas cinematográficaszEstados UnidosvDVD 7aPelículas musicalesvDVD1 aLyne, Adrianedirector2 aParamount Pictures2 aPolyGram Filmed Entertainment0 tFlashdance40uhttp://www.youtube.com/watch?v=NV6IbcZVjukzSiga este enlace para ver el trailerzTrailer tomado del canal Paramount Movies vía YouTube.com